LEADER 03459nam 2200433 450 001 9910774844103321 005 20230320173103.0 035 $a(CKB)5310000000010046 035 $a(NjHacI)995310000000010046 035 $a(EXLCZ)995310000000010046 100 $a20230221d2017 uy 0 101 0 $aita 135 $aur||||||||||| 181 $ctxt$2rdacontent 182 $cc$2rdamedia 183 $acr$2rdacarrier 200 10$a"Raccogliere, pubblicare, illustrare carte" $eeditori ed edizioni di documenti medievali in Lombardia tra Otto e Novecento /$fGianmarco De Angelis 210 1$aFirenze, Italy :$cFirenze University Press,$d[2017] 210 4$dİ2017 215 $a1 online resource (xii, 249 pages) $cillustrations 225 1 $aReti medievali. E-book, Monografie ;$v28 311 $a88-6453-499-7 320 $aIncludes bibliographical references (pages 231-243) and index. 330 $aA long eighteenth century - on the footsteps of the erudite tradition and of the Muratori's publishing method - and a very short nineteenth century, enclosed between the first post-unification decade and the threshold of the Great War, when the advent of a new and professionalised generation of scholars (Bonelli, Vittani, Torelli, Manaresi) would also impose a radical change in Lombardy in the field of palaeographic-diplomatic research. These are the coordinates (of a conceptual rather than a chronological nature) of the book, which for the first time analyses a significant period of medieval history under a historiographic perspective and retraces the careers, projects, the initiatives of the individuals and institutions that have animated that epoch. The editors and the editions of medieval documents coming from Lombardy are at the heart of the publication, although wider perspectives and many protagonists whose fame goes beyond the borders of regional culture revolve around them. The process of defining a modern diplomatic philology in the editions of Lombard sources is followed, marking its salient stages and turning points. However, in the background stand out the broader (as well as stronger and ideologically connoted) themes of Medieval studies before and after the Unification of Italy. These are the issue of the Longobards, the myth of the Commune civilisation in the Risorgimento culture, the identity of the Visconti-Sforza state. Analysing the editors and the editions of medieval documents in Lombardy between the nineteenth and twentieth century means shedding a significant light on the very dynamics of the organisation of regional historical research. Such analysis moves within a lively debate offering scientific and cultural implications between the hegemonic Milanese centre and the sometimes riotous municipalisms of the many suburbs. 410 0$aReti medievali.$pE-book, Monografie ;$v28. 517 $a"Raccogliere, pubblicare, illustrare carte" 606 $aHistoriography$zItaly$zLombardy$xHistory$y19th century 606 $aHistoriography$zItaly$zLombardy$xHistory$y20th century 607 $aLombardy (Italy)$xHistory$yTo 1535$xHistoriography 615 0$aHistoriography$xHistory 615 0$aHistoriography$xHistory 676 $a945.21 700 $aDe Angelis$b Gianmarco$f1979-$01461306 801 0$bNjHacI 801 1$bNjHacl 906 $aBOOK 912 $a9910774844103321 996 $a"Raccogliere, pubblicare, illustrare carte"$93666406 997 $aUNINA LEADER 05821nam 2200721 450 001 9910780531203321 005 20231206204631.0 010 $a1-282-02555-4 010 $a9786612025556 010 $a1-4426-7204-8 024 7 $a10.3138/9781442672048 035 $a(CKB)2430000000001210 035 $a(EBL)3251218 035 $a(SSID)ssj0000870172 035 $a(PQKBManifestationID)11472592 035 $a(PQKBTitleCode)TC0000870172 035 $a(PQKBWorkID)10818615 035 $a(PQKB)11341394 035 $a(CaPaEBR)419374 035 $a(CaBNvSL)thg00602292 035 $a(DE-B1597)464273 035 $a(OCoLC)944178401 035 $a(DE-B1597)9781442672048 035 $a(Au-PeEL)EBL4671296 035 $a(CaPaEBR)ebr11257014 035 $a(OCoLC)958571846 035 $a(VaAlCD)20.500.12592/dg8xzr 035 $a(schport)gibson_crkn/2009-12-01/7/419374 035 $a(MiAaPQ)EBC4671296 035 $a(OCoLC)244764725 035 $a(MdBmJHUP)musev2_104526 035 $a(MiAaPQ)EBC3251218 035 $a(EXLCZ)992430000000001210 100 $a20160923h19981998 uy 0 101 0 $aeng 135 $aur|n|---||||| 181 $ctxt 182 $cc 183 $acr 200 00$aCanadian annual review of politics and public affairs$h1991 /$fedited by David Leyton-Brown 210 1$aToronto, [Ontario] ;$aBuffalo, [New York] ;$aLondon, [England] :$cUniversity of Toronto Press,$d1998. 210 4$dİ1998 215 $a1 online resource (340 p.) 225 0 $aCanadian Annual Review of Politics and Public Affairs 300 $aIncludes indexes. 311 $a0-8020-4155-8 327 $aCover -- Contents -- Contributors -- Canadian calendar 1991 -- Editor's introduction -- THE FEDERAL PERSPECTIVE -- Parliament and politics -- PARLIAMENT AND NATIONAL INSTITUTIONS -- THE CONSTITUTION -- THE ECONOMY -- NATIONAL PARTIES -- WOMEN AND POLITICS -- ABORIGINAL AFFAIRS -- SELECTED POLICY FIELDS -- PERSONALITIES, CONTROVERSIES, AND SCANDALS -- Ottawa and the provinces -- THE CONSTITUTION: PROMISES AND THREATS IN THE WAKE OF MEECH LAKE -- OTHER ISSUES -- External affairs and national defence -- DEVELOPMENTS IN CANADIAN EXTERNAL RELATIONS -- DEVELOPMENTS IN CANADIAN DEFENCE AND SECURITY POLICY -- CONCLUSIONS -- THE PROVINCIAL PERSPECTIVES -- ONTARIO -- Problems and controversies -- Cabinet personnel -- Policy reversals -- Other government initiatives -- Government institutions -- Political party activity -- The economy -- QUEBEC -- Politics -- Legislation -- The economy -- Intergovernmental affairs -- NOVA SCOTIA -- Politics -- The legislature -- The economy -- Intergovernmental relations -- NEW BRUNSWICK -- Politics -- Progressive Conservatives struggle on -- The economy -- The general election -- Confederation of Regions: post-election leadership convention -- Proposed school reforms -- MANITOBA -- The legislative session -- The economy and economic developments -- Politics and political parties -- BRITISH COLUMBIA -- Social developments -- The economy -- Public finance -- Political developments -- PRINCE EDWARD ISLAND -- The economy -- The legislature -- Other issues -- SASKATCHEWAN -- The legislature and government -- The election -- Political parties -- The economy -- Around the province -- ALBERTA -- The legislature -- The economy -- MagCan and NovAtel -- The parties -- Natives and the justice system -- Miscellaneous -- NEWFOUNDLAND AND LABRADOR -- The legislature and government -- Economy and economic development -- Politics and political parties -- Federal-provincial relations -- Conclusion -- THE YUKON AND THE NORTHWEST TERRITORIES -- The territories in the Canadian Federation -- Yukon: politics and government -- land claims process -- economic conditions and policy -- social and environmental conditions and policy -- The Northwest Territories -- politics and government: elections and new leadership -- fiscal restraint and devolution -- land claims and territorial division -- economic conditions and policy -- social conditions and policy -- Obituaries -- Index of Names -- A -- B -- C -- D -- E -- F -- G -- H -- I -- J -- K -- L -- M -- N -- O -- P -- Q -- R -- S -- T -- V -- W -- Y -- Z -- Index of Subjects -- A -- B -- C -- D -- E -- F -- G -- H -- I -- J -- K -- L -- M -- N -- O -- P -- Q -- R -- S -- T -- U -- V -- W -- Y -- Z. 330 $aThe year 1991 found Canada at a crossroads. The nation faced the aftermath of the Oka crisis and failure of the Meech Lake Accord; the Bloc QuTbTcois sought official party status in the House of Commons and the Reform Party decided to become a national party; talks began for a North American free trade agreement. On the international front, Canada went to war in the Persian Gulf and responded to the dissolution of the Soviet Union. Featuring essays on Parliament and politics, Ottawa and the provinces, and external affairs, the Canadian Annual Review of Politics and Public Affairs provides a comprehensive account of the year's events. The Canadian Annual Review has long been praised for its excellence. Known for its accuracy, readability, and insight, it offers a synoptic appraisal of the year's crises, controversies, and developments from both federal and provincial perspectives. 606 $aPOLITICAL SCIENCE / Reference$2bisacsh 607 $aCanada$xPolitics and government$y1945- 607 $aCanada$xForeign relations$y1945- 607 $aCanada$xEconomic conditions$y1945- 608 $aElectronic books. 615 7$aPOLITICAL SCIENCE / Reference. 676 $a971.064 702 $aLeyton-Brown$b David 801 0$bMiAaPQ 801 1$bMiAaPQ 801 2$bMiAaPQ 906 $aBOOK 912 $a9910780531203321 996 $aCanadian annual review of politics and public affairs$93673146 997 $aUNINA